LEADER 00974nam0 2200301 450 001 000024776 005 20090323090653.0 010 $a8831752898 100 $a20090323d1991----km-y0itay50------ba 101 1 $aita$ceng 102 $aIT 105 $ay-------001yy 200 1 $aTeoria dei sentimenti morali$fAdam Smith$gintroduzione e cura di Adelino Zanini 210 $aRoma$cIstituto della Enciclopedia Italiana$d1991 215 $aLXXXIX, 486 p.$d21 cm 225 2 $aBibliotheca biographica 410 0$12001$aBibliotheca biographica 500 10$a<>theory of moral sentiments$m$927804 610 1 $aEconomia 610 1 $aSmith, Adam$aMorale 676 $a170$9Etica (filosofia morale) 700 1$aSmith,$bAdam$071866 702 1$aZanini,$bADelino$4070 801 0$aIT$bUNIPARTHENOPE$c20090323$gRICA$2UNIMARC 912 $a000024776 951 $a030/24$b101-L-V$cNAVA2 996 $aTheory of moral sentiments$927804 997 $aUNIPARTHENOPE LEADER 01209cam0 22002651 450 001 SOBE00021356 005 20230712123938.0 100 $a20120110f1977 |||||ita|0103 ba 101 $aita 102 $aIT 200 1 $a<>giudizio di equità del nuovo giudice onorario$eesame dello schema di progetto di legge Bonifacio per il nuovo "giudice onorario"$fCarlo Marinelli 210 $aNapoli$c[s.n.]$d[1977?]$eNapoli$gTipografia C.Pipola & C.$h1977 215 $a19 p.$d24 cm 300 $aEstratto dalla registrazione del discorso tenuto per la relazione all'Assemblea straordinaria degli Ordini forensi d'Italia, Roma, 21 maggio 1977 300 $aIn testa al front. : Consiglio dell'ordine degli avvocati e dei procuratori. Napoli 700 1$aMarinelli$b, Carlo$3SOBA00002322$4070$0154262 801 0$aIT$bUNISOB$c20230712$gRICA 850 $aUNISOB 852 $aUNISOB$j340|Opusc$m122899 912 $aSOBE00021356 940 $aM 102 Monografia moderna SBN 941 $aM 957 $a340|Opusc$b000166$gSI$d122899$hPucci$rdono Pucci$1catenacci$2UNISOB$3UNISOB$420120110115115.0$520120110115156.0$6catenacci 996 $aGiudizio di equità del nuovo giudice onorario$91719900 997 $aUNISOB LEADER 01160nam 2200313z- 450 001 9910689497303321 005 20161209100228.0 035 $a(CKB)5860000000035798 035 $a(BIP)007380886 035 $a(EXLCZ)995860000000035798 100 $a20220406c2000uuuu -u- - 101 0 $aeng 200 10$aU.S. foreign policy toward Libya $ehearing before the Subcommittee on Near Eastern and South Asian Affairs of the Committee on Foreign Relations, United States Senate, One Hundred Sixth Congress, second session, May 4, 2000 215 $a1 online resource (iii, 35 p.) 311 $a0-16-064516-6 517 $aU.S. Foreign Policy toward Libya 606 $aPan Am Flight 103 Bombing Incident, 1988 607 $aUnited States$xForeign relations$zLibya 607 $aLibya$xForeign relations$zUnited States 610 $aPan am flight 103 bombing incident, 1988 610 $aUnited States 610 $aLibya 610 $aHistory 610 $aPolitical science 615 0$aPan Am Flight 103 Bombing Incident, 1988. 906 $aBOOK 912 $a9910689497303321 996 $aU.S. foreign policy toward Libya$93120798 997 $aUNINA